[Event "French X-ing"]
[Site "SchemingMind.com"]
[Date "2006.09.02"]
[Round "-"]
[White "knightrider"]
[Black "mart_r3000"]
[Result "1-0"]
[WhiteCountry "USA"]
[BlackCountry "ENG"]
[WhiteElo "1463"]
[WhiteRD "57"]
[BlackElo "1284"]
[BlackRD "54"]
[GameID "66449"]

1. e4 e6 2. d4 d5 3. e5 c5 4. c3 cxd4 5. cxd4 Qa5+ 6. Nc3 a6 7. a3 Nc6 8. Nf3 Nb4 9. Be2 Ne7 10. Bd2 Bd7
11. axb4 Qc7 12. b5 a5 13. Rc1 Qd8 14. Bd3 h6 15. O-O g5 16. Na4 Bg7 17. Nc5 Bc8 18. Ra1 b6 19. Na4 f5 20. exf6 Bxf6
21. h3 h5 22. Nc3 g4 23. Nh2 gxh3 24. gxh3 Rg8+ 25. Kh1 Bxd4 26. Qxh5+ Kd7 27. Ne2 Bxb2 28. Rab1 Bf6 29. Qf3 Be5 30. Bc3 d4
31. Qxa8 Qc7 32. Qf3 Bb7 33. Be4 Nd5 34. Qf7+ Kd6 35. Qxg8 dxc3 36. Rbc1 a4 37. Ng4 Nf6 38. Qf8+ Kd7 39. Rfd1+ Nd5 40. Qf7+ Kd6
41. Qxc7+ Kxc7 42. Nxe5 Kd6 43. Ng6 a3 44. Nxc3 Kc5 45. Na4+ Kxb5 46. Nc3+ Kb4 47. Nxd5+ Kb3 48. Rd3+ Kb2 49. Rcc3 Ba6 50. Rd2+
1-0

[Event "French X-ing"]
[Site "SchemingMind.com"]
[Date "2006.09.04"]
[Round "-"]
[White "knightrider"]
[Black "Canuck36"]
[Result "0-1"]
[WhiteCountry "USA"]
[BlackCountry "CAN"]
[WhiteElo "1476"]
[WhiteRD "58"]
[BlackElo "1505"]
[BlackRD "74"]
[GameID "66450"]

1. e4 e6 2. d4 d5 3. e5 c5 4. Nf3 Nc6 5. c3 Qb6 6. a3 f6 7. dxc5 Bxc5 8. Qc2 fxe5 9. b4 Bd6 10. Be3 d4
11. cxd4 exd4 12. Bxd4 Nxd4 13. Qa4+ Bd7 14. b5 Nxf3+ 15. gxf3 Nf6 16. Qc4 Bc5 17. Ra2 Nd5 18. Nc3 Nxc3 19. Qxc3 O-O 20. Bg2 Qxb5
21. Rb2 Qc6 22. O-O Qc8 23. Rc2 b6 24. Qe5 Rf5 25. Qc3 Rb8 26. Qd3 e5 27. Qc4+ Kf8 28. Qe4 g6 29. a4 Bc6 30. Qc4 Rg5
31. Qh4 Qf5 32. Rd2 Bxf3
0-1

[Event "French X-ing"]
[Site "SchemingMind.com"]
[Date "2006.09.03"]
[Round "-"]
[White "knightrider"]
[Black "cnile"]
[Result "0-1"]
[WhiteCountry "USA"]
[BlackCountry "SCO"]
[WhiteElo "1442"]
[WhiteRD "57"]
[BlackElo "1476"]
[BlackRD "77"]
[GameID "66451"]

1. e4 e6 2. d4 d5 3. e5 c5 4. c3 Nc6 5. Nf3 Qb6 6. Bd3 Bd7 7. dxc5 Bxc5 8. O-O Nge7 9. Re1 Bxf2+ 10. Kh1 Bxe1
11. Qxe1 Ng6 12. Na3 a6 13. Be3 Qxb2 14. Nc2 Ngxe5 15. Nxe5 Nxe5 16. Qd2 Nxd3 17. Qxd3 Ba4 18. Bc1 Qxc2 19. Qf3 O-O 20. Ba3 Rfe8
21. Bc5 Rac8 22. Rf1 f6 23. Be3 Qxc3 24. Qg3 Bb5 25. h4 d4
0-1

[Event "French X-ing"]
[Site "SchemingMind.com"]
[Date "2006.09.03"]
[Round "-"]
[White "knightrider"]
[Black "flyingscot"]
[Result "1-0"]
[WhiteCountry "USA"]
[BlackCountry "SCO"]
[WhiteElo "1463"]
[WhiteRD "57"]
[BlackElo "1440"]
[BlackRD "86"]
[GameID "66452"]

1. e4 e6 2. d4 d5 3. e5 c5 4. c3 Nc6 5. Nf3 Qb6 6. Bd3 Bd7 7. dxc5 Bxc5 8. O-O O-O-O 9. c4 f6 10. Qe2 Rf8
11. b3 dxc4 12. Bxc4 Nd4 13. Nxd4 Bxd4 14. Ba3 Rf7 15. Bb2 Ne7 16. Bxd4 Qxd4 17. Nd2 Ng6 18. Rac1 Kb8 19. Nf3 Qg4 20. exf6 Rxf6
21. h3 Qh5 22. Qe3 Rhf8 23. Be2 Nf4 24. Rcd1 Nxh3+ 25. gxh3 Rg6+ 26. Kh2 Rf5 27. Rxd7 Rh6 28. Ng1 Qg6 29. Rfd1 Qf6 30. Rd8+ Kc7
31. Qc1+ Kb6 32. R1d6+ Ka5 33. Qa3#
1-0

[Event "French X-ing"]
[Site "SchemingMind.com"]
[Date "2006.09.03"]
[Round "-"]
[White "simon_w"]
[Black "knightrider"]
[Result "1-0"]
[WhiteCountry "IRL"]
[BlackCountry "USA"]
[WhiteElo "1682"]
[WhiteRD "70"]
[BlackElo "1463"]
[BlackRD "57"]
[GameID "66453"]

1. e4 e6 2. d4 d5 3. e5 c5 4. dxc5 Nc6 5. Be3 Nxe5 6. f4 Nc6 7. Nf3 a6 8. Na3 Nf6 9. c4 Ne4 10. cxd5 exd5
11. Rc1 Qa5+ 12. Nd2 Bxc5 13. Bxc5 Nxc5 14. Nb1 Qb4 15. a3 Qxf4 16. Rxc5 Qh4+ 17. g3 Qe7+ 18. Qe2 Be6 19. Rc3 d4 20. Rf3 Bd5
21. Qxe7+ Nxe7 22. Bg2 Bxf3 23. Bxf3 Rc8 24. O-O O-O 25. Bxb7 Rb8 26. Bxa6 Rxb2 27. Bc4 Rb6 28. Ne4 Rc6 29. Nbd2 Rc7 30. a4 Nc6
31. Ra1 Ne5 32. Bb3 d3 33. Kf2 Ng4+ 34. Kf3 Nxh2+ 35. Kf4 h6 36. Rh1 g5+ 37. Nxg5 hxg5+ 38. Kxg5 Kg7 39. Rxh2 f6+ 40. Kf4 Re8
41. Kf3 Kg6 42. Bd5 Re5 43. Be4+ f5 44. Bxd3 Kg5 45. Bb5 Rc3+ 46. Kf2 Rc2 47. Kg1 Re1+ 48. Nf1 Rxf1+ 49. Bxf1 Rc1 50. Ra2 Kg4
51. a5 Kxg3 52. a6 Rc8 53. a7
1-0

[Event "French X-ing"]
[Site "SchemingMind.com"]
[Date "2006.09.03"]
[Round "-"]
[White "desmondw"]
[Black "knightrider"]
[Result "1-0"]
[WhiteCountry "IRL"]
[BlackCountry "USA"]
[WhiteElo "1693"]
[WhiteRD "72"]
[BlackElo "1463"]
[BlackRD "57"]
[GameID "66454"]

1. e4 e6 2. d4 d5 3. e5 c5 4. c3 Qb6 5. Nf3 Nc6 6. Be2 cxd4 7. cxd4 Bb4+ 8. Nc3 Nge7 9. O-O Bd7 10. Na4 Qc7
11. a3 Ba5 12. b4 Bb6 13. Re1 O-O 14. Nc5 Bxc5 15. bxc5 b6 16. cxb6 Qxb6 17. Bd3 Nxd4 18. Nxd4 Qxd4 19. Bxh7+ Kh8 20. Qxd4 Kxh7
21. Qh4+ Kg8 22. Qxe7 Ba4 23. Re3 Rfe8 24. Qh4 Rac8 25. Rh3 f6 26. exf6 gxf6 27. Rg3+
1-0

[Event "French X-ing"]
[Site "SchemingMind.com"]
[Date "2006.09.03"]
[Round "-"]
[White "mart_r3000"]
[Black "knightrider"]
[Result "0-1"]
[WhiteCountry "ENG"]
[BlackCountry "USA"]
[WhiteElo "1284"]
[WhiteRD "54"]
[BlackElo "1463"]
[BlackRD "57"]
[GameID "66455"]

1. e4 e6 2. d4 d5 3. e5 c5 4. Bb5+ Nc6 5. Nf3 Ne7 6. Ng5 h6 7. Qh5 g6 8. Qh4 Qa5+ 9. Nc3 cxd4 10. O-O Bg7
11. Qf4 O-O 12. a3 hxg5 13. Qxg5 dxc3 14. Be2 Nxe5 15. Qxe7 f6 16. a4 Nc6 17. Qd6 Rd8 18. Qa3 Nd4 19. b4 Nxe2+ 20. Kh1 Qc7
21. Re1 Qe5 22. Be3 Nf4 23. f3 d4 24. Rad1 d3 25. cxd3 Nxd3 26. f4 Qe4 27. Qxc3 f5 28. Qc2 Nxe1 29. Rxd8+ Kh7 30. Qf2 Nd3
31. Qh4+ Bh6 32. Qe7+ Bg7 33. h3 Qxe3 34. Rf8 Nf2+ 35. Kg1 Nxh3+ 36. Kh2 Nxf4 37. Qh4+ Nh5 38. Rf7 Kg8 39. Qe7 Be5+ 40. g3 Bxg3+
41. Kh3 Nf4#
0-1

[Event "French X-ing"]
[Site "SchemingMind.com"]
[Date "2006.09.03"]
[Round "-"]
[White "Canuck36"]
[Black "knightrider"]
[Result "1-0"]
[WhiteCountry "CAN"]
[BlackCountry "USA"]
[WhiteElo "1505"]
[WhiteRD "74"]
[BlackElo "1476"]
[BlackRD "58"]
[GameID "66456"]

1. e4 e6 2. d4 d5 3. e5 c5 4. c3 Qb6 5. Nf3 Nc6 6. Bd3 Be7 7. O-O Bd7 8. Qe2 c4 9. Bc2 h6 10. b3 f6
11. exf6 Bxf6 12. Be3 O-O-O 13. bxc4 Qb2 14. Bc1 Qxa1 15. Bd3 dxc4 16. Be4 e5 17. d5 Nd4 18. cxd4 exd4 19. Qc2 d3 20. Qxc4+ Kb8
21. Bf4+ Ka8 22. Bxd3 Rc8 23. Qb3 Rc3 24. Nxc3 Qxc3 25. Rb1 Qxb3 26. axb3 Ne7 27. Bc4 g5 28. Bd6 Bf5 29. Re1 Nc8 30. Be5 Bxe5
31. Rxe5 Nd6 32. Nd4 Nxc4 33. bxc4 Bd3 34. c5 a6 35. d6 Rd8 36. Ne6 Rd7 37. Nf8 Rd8 38. d7 Kb8 39. Re8 Kc7 40. Ne6+
1-0

[Event "French X-ing"]
[Site "SchemingMind.com"]
[Date "2006.09.03"]
[Round "-"]
[White "cnile"]
[Black "knightrider"]
[Result "1-0"]
[WhiteCountry "SCO"]
[BlackCountry "USA"]
[WhiteElo "1476"]
[WhiteRD "77"]
[BlackElo "1442"]
[BlackRD "57"]
[GameID "66457"]

1. e4 e6 2. d4 d5 3. e5 c5 4. c3 Nc6 5. Nf3 Bd7 6. Be2 f6 7. exf6 Nxf6 8. Bg5 Be7 9. O-O O-O 10. Nbd2 h6
11. Bh4 Ne4 12. Bxe7 Qxe7 13. Nb3 c4 14. Nbd2 e5 15. dxe5 Nxe5 16. Nxe4 Be6 17. Nxe5 dxe4 18. Ng6 Qg5 19. Nxf8 Bh3 20. Bxc4+ Kh8
21. g3 Bxf1 22. Qxf1 Rxf8 23. Re1 Qe5 24. Qe2 Re8 25. Qg4 Rf8 26. Rxe4 h5 27. Rxe5 hxg4 28. Rh5#
1-0

[Event "French X-ing"]
[Site "SchemingMind.com"]
[Date "2006.09.03"]
[Round "-"]
[White "flyingscot"]
[Black "knightrider"]
[Result "1-0"]
[WhiteCountry "SCO"]
[BlackCountry "USA"]
[WhiteElo "1440"]
[WhiteRD "86"]
[BlackElo "1463"]
[BlackRD "57"]
[GameID "66458"]

1. e4 e6 2. d4 d5 3. e5 c5 4. Nf3 cxd4 5. Bd3 Nc6 6. O-O Bc5 7. Nbd2 Nge7 8. Re1 O-O 9. Nf1 Ng6 10. Bg5 f6
11. exf6 gxf6 12. Bh6 Rf7 13. Bxg6 hxg6 14. Qd3 Rh7 15. Qxg6+
1-0

[Event "French X-ing"]
[Site "SchemingMind.com"]
[Date "2006.09.09"]
[Round "-"]
[White "Negrito19"]
[Black "simon_w"]
[Result "0-1"]
[WhiteCountry "ARG"]
[BlackCountry "IRL"]
[WhiteElo "1507"]
[WhiteRD "60"]
[BlackElo "1739"]
[BlackRD "65"]
[GameID "66737"]

1. e4 e6 2. d4 d5 3. e5 c5 4. b3 Nc6 5. Nf3 f6 6. Bb5 Bd7 7. Ba3 Qa5+ 8. c3 Qxb5 9. Nbd2 O-O-O 10. c4 Qa5
11. Bb2 cxd4 12. O-O fxe5 13. Rc1 Qxa2 14. Ba1 Bc5 15. cxd5 exd5 16. Rxc5 Ne7 17. Nxe5 Kb8 18. Nf7 Qa3 19. Qc1 Qb4 20. Nxd8 Rxd8
21. Rc2 d3 22. Bc3 Qg4 23. h3 Qg6 24. Ra2 Bxh3 25. g3 Bxf1 26. Nxf1 Rc8 27. Qe3 d4 28. Bxd4 Nxd4 29. Qxd4 Nc6 30. Qf4+ Ka8
31. Nd2 Rd8 32. Nc4 Nd4 33. Nb6+ Qxb6 34. Qg5 Nf3+ 35. Kg2 Nxg5 36. Ra3 d2 37. f4 Qc6+ 38. Kh2 Nf3+ 39. Kh3 d1=Q 40. b4 Qh1+
41. Kg4 Qg6#
0-1

[Event "French X-ing"]
[Site "SchemingMind.com"]
[Date "2006.09.09"]
[Round "-"]
[White "Negrito19"]
[Black "desmondw"]
[Result "0-1"]
[WhiteCountry "ARG"]
[BlackCountry "IRL"]
[WhiteElo "1509"]
[WhiteRD "62"]
[BlackElo "1693"]
[BlackRD "72"]
[GameID "66738"]

1. e4 e6 2. d4 d5 3. e5 f6 4. Bf4 Nc6 5. Nf3 g5 6. Bg3 g4 7. Nh4 f5 8. h3 gxh3 9. Rxh3 Nh6 10. Bf4 Bd7
11. a3 Rg8 12. Qh5+ Nf7 13. Qxh7 Rg4 14. g3 Nxd4 15. Bd3 Qe7 16. f3 Rxh4 17. Rxh4 Nxf3+ 18. Kf2 Nxh4 19. gxh4 O-O-O 20. Nc3 Qc5+
21. Be3 d4 22. Qxf7 dxe3+ 23. Ke2 Qxe5 24. Rg1 Qh2+ 25. Kf1 Qf2#
0-1

[Event "French X-ing"]
[Site "SchemingMind.com"]
[Date "2006.09.04"]
[Round "-"]
[White "Negrito19"]
[Black "knightrider"]
[Result "0-1"]
[WhiteCountry "ARG"]
[BlackCountry "USA"]
[WhiteElo "1509"]
[WhiteRD "62"]
[BlackElo "1463"]
[BlackRD "57"]
[GameID "66739"]

1. e4 e6 2. d4 d5 3. e5 c5 4. b3 Nc6 5. Nf3 c4 6. bxc4 Nge7 7. Bg5 h6 8. Bh4 g5 9. Bg3 Nf5 10. cxd5 exd5
11. Bb5 Qa5+ 12. Qd2 Qxb5 13. a4 Qb2 14. O-O Nfxd4 15. Nc3 Qb6 16. Nxd5 Qd8 17. Nf6+ Ke7 18. Qc3 Ne2+ 19. Kh1 Nxc3 20. h4 g4
21. Ne1 Nd5 22. Nd3 Nxf6 23. exf6+ Kxf6 24. Rfe1 Bd6 25. f4 Nb4 26. h5 Kg7 27. Rad1 Nxd3 28. Rxd3 Bf5 29. Rd5 Qd7 30. Bh4 Be6
31. Rd4 Qc6 32. Re2 Bc5 33. Rde4 Rad8 34. Bxd8 Rxd8 35. Re1 Bd5 36. R4e2 Qf6 37. Rf1 Qh4#
0-1

[Event "French X-ing"]
[Site "SchemingMind.com"]
[Date "2006.09.04"]
[Round "-"]
[White "Negrito19"]
[Black "mart_r3000"]
[Result "1-0"]
[WhiteCountry "ARG"]
[BlackCountry "ENG"]
[WhiteElo "1509"]
[WhiteRD "62"]
[BlackElo "1284"]
[BlackRD "54"]
[GameID "66740"]

1. e4 e6 2. d4 d5 3. e5 c5 4. b3 Nc6 5. Nf3 a6 6. Nc3 cxd4 7. Nxd4 Bc5 8. Be3 Qh4 9. g3 Qe7 10. Qg4 g6
11. Bg5 f6 12. exf6 Nxf6 13. Qh4 e5 14. Nxc6 bxc6 15. Bxf6 Qf8 16. Bxh8 Qxf2+ 17. Kd1 Be3 18. Be2 d4 19. Qf6 Bg4 20. Qxc6+ Kf7
21. Qf6+ Qxf6 22. Bxf6 Bf5 23. Bxe5 d3 24. cxd3 Bxd3 25. Bxd3 Rd8 26. Rf1+ Ke6 27. Ke2 Bc5 28. Bf6 Re8 29. Kd2 Bb4 30. Rae1+ Kd7
31. Rxe8 Kxe8 32. Bxa6 Bf8 33. Re1+ Kf7 34. Nd5 Bh6+ 35. Kd1
1-0

[Event "French X-ing"]
[Site "SchemingMind.com"]
[Date "2006.09.04"]
[Round "-"]
[White "Negrito19"]
[Black "Canuck36"]
[Result "0-1"]
[WhiteCountry "ARG"]
[BlackCountry "CAN"]
[WhiteElo "1506"]
[WhiteRD "56"]
[BlackElo "1505"]
[BlackRD "74"]
[GameID "66741"]

1. e4 e6 2. d4 d5 3. e5 c5 4. b3 cxd4 5. Qxd4 Nc6 6. Bb5 Bd7 7. Bxc6 bxc6 8. Ba3 Ne7 9. Nf3 Nf5 10. Qg4 Bxa3
11. Nxa3 Qa5+ 12. Nd2 Qxa3 13. O-O O-O 14. c4 Qc5 15. Rac1 d4 16. Rfe1 Nh6 17. Qh5 f6 18. Ne4 Qe7 19. exf6 Rxf6 20. Nxf6+ Qxf6
21. Re4 Rf8 22. f3 Nf5 23. Rf4 e5 24. Re4 a5 25. g4 Qh4 26. Qxh4 Nxh4 27. h3 Nxf3+ 28. Kg2 d3 29. Rc3 Nh4+ 30. Kg3 d2
31. Rd3 Rf3+ 32. Rxf3 Nxf3 33. Kxf3 d1=Q+ 34. Re2 e4+ 35. Ke3 Qd3+ 36. Kf2 c5 37. Ke1 e3 38. Kf1 Qd1+ 39. Re1 Qf3+ 40. Kg1 e2
41. a3 Qg3+ 42. Kh1 Qxe1+
0-1

[Event "French X-ing"]
[Site "SchemingMind.com"]
[Date "2006.09.05"]
[Round "-"]
[White "Negrito19"]
[Black "cnile"]
[Result "0-1"]
[WhiteCountry "ARG"]
[BlackCountry "SCO"]
[WhiteElo "1551"]
[WhiteRD "55"]
[BlackElo "1492"]
[BlackRD "74"]
[GameID "66742"]

1. e4 e6 2. d4 d5 3. e5 c5 4. b3 Ne7 5. dxc5 Ng6 6. Qd4 Nc6 7. Qa4 Bxc5 8. Bb5 Bd7 9. Nf3 Ngxe5 10. Nbd2 Nxf3+
11. Nxf3 Qa5+ 12. Qxa5 Nxa5 13. Bxd7+ Kxd7 14. Ne5+ Ke7 15. Bd2 Nc6 16. Nd3 Bd6 17. O-O Rac8 18. c3 e5 19. Rfe1 f6 20. b4 Rhd8
21. f4 e4 22. b5 Na5 23. Rab1 Nc4 24. Be3 Nxe3 25. Rxe3 Kf7 26. f5 exd3 27. Rxd3 b6 28. Re1 Bc5+ 29. Kh1 d4 30. h4 dxc3
31. Rxc3 Bf2 32. Rxc8 Rxc8 33. Rf1 Bg3 34. Kg1 Rc4 35. Rd1 Rc7 36. Kf1 Re7 37. a4 Bxh4 38. g3 Bxg3 39. Kg2 Be5 40. Kh3 Rc7
41. Rd8 h6 42. Rd3 Rc3 43. Rxc3 Bxc3 44. Kg4= Bd2 45. Kf3= h5 46. Ke2= Bg5 47. Kf3= Ke7 48. Kg3 Kd6 49. Kf3 Kc5 50. Ke4 Kb4
51. Kd5 Kxa4 52. Kc6 h4 53. Kb7 h3 54. Kxa7 Be3 55. Kb7 h2 56. Kc7 h1=Q 57. Kd7 Qd5+ 58. Ke7 Bc5+ 59. Ke8 Qb7 60. Kd8 Bd6
61. Ke8 Qe7#
0-1

[Event "French X-ing"]
[Site "SchemingMind.com"]
[Date "2006.09.04"]
[Round "-"]
[White "Negrito19"]
[Black "flyingscot"]
[Result "1-0"]
[WhiteCountry "ARG"]
[BlackCountry "SCO"]
[WhiteElo "1509"]
[WhiteRD "62"]
[BlackElo "1440"]
[BlackRD "86"]
[GameID "66743"]

1. e4 e6 2. d4 d5 3. e5 c5 4. Nf3 Nc6 5. Be3 Qb6 6. b3 Qa5+ 7. Bd2 Nb4 8. a3 Nd3+ 9. Bxd3 Qb6 10. Nc3 a6
11. Na4 Qa7 12. Ba5 Bd7 13. Bb6 Qb8 14. Nxc5 Bxc5 15. dxc5 Ne7 16. O-O O-O 17. Ng5 Nf5 18. Qh5 h6 19. Bxf5 exf5 20. Nf3 Be6
21. Rad1 a5 22. Nd4 Bd7 23. Nxf5 Kh7 24. Rxd5 Bc6 25. Rd6 Be4 26. Nxh6 g6 27. Qh4 Bxc2 28. Nxf7+ Kg7 29. e6 Bxb3 30. Qh6+ Kf6
31. Bd8+ Kf5 32. Qh3+ Kf4 33. Qxb3 a4 34. Bg5+ Ke4 35. f3+ Kf5 36. g4#
1-0

[Event "French X-ing"]
[Site "SchemingMind.com"]
[Date "2006.09.04"]
[Round "-"]
[White "simon_w"]
[Black "Negrito19"]
[Result "1-0"]
[WhiteCountry "IRL"]
[BlackCountry "ARG"]
[WhiteElo "1682"]
[WhiteRD "70"]
[BlackElo "1509"]
[BlackRD "62"]
[GameID "66744"]

1. e4 e6 2. d4 d5 3. e5 f6 4. Nf3 Nc6 5. Bb5 Bd7 6. O-O fxe5 7. Bxc6 Bxc6 8. Nxe5 Qf6 9. Nd2 O-O-O 10. Ndf3 h6
11. Nxc6 bxc6 12. Ne5 c5 13. c3 Bd6 14. Nc6 Qh4 15. g3 Qh3 16. Nxd8 Kxd8 17. Qa4 Ne7 18. dxc5 Bxc5 19. Be3 Bxe3 20. fxe3 Nc8
21. Rf7 e5 22. Qc6 Nb6 23. Qxc7+ Ke8 24. Re7+ Kf8 25. Qd8#
1-0

[Event "French X-ing"]
[Site "SchemingMind.com"]
[Date "2006.09.04"]
[Round "-"]
[White "desmondw"]
[Black "Negrito19"]
[Result "1-0"]
[WhiteCountry "IRL"]
[BlackCountry "ARG"]
[WhiteElo "1693"]
[WhiteRD "72"]
[BlackElo "1509"]
[BlackRD "62"]
[GameID "66745"]

1. e4 e6 2. d4 d5 3. e5 c5 4. b3 cxd4 5. Nf3 Nc6 6. Nxd4 Nxe5 7. c4 Bc5 8. Be3 Qa5+ 9. Nd2 Nf6 10. a3 Bxa3
11. b4 Qxb4 12. Nc2 Qc3 13. Rxa3 Qb2 14. Bd4 Qxa3 15. Nxa3 Nc6 16. Bxf6 gxf6 17. cxd5 exd5 18. Qf3 f5 19. Qxd5 Be6 20. Qc5 O-O-O
21. Bb5 Rd5 22. Qc3 Re8 23. Bxc6 Bd7+ 24. Kd1 Bxc6 25. Re1 Red8 26. Re2 Kb8 27. Ke1 Rc8 28. Qg3+ Ka8 29. Qg7 Ra5 30. Nac4 Ra2
31. Kf1 Bb5 32. Qxf7 Rc2 33. Qxf5 Rc1+ 34. Re1 R8xc4 35. Qxb5 Rxe1+ 36. Kxe1 Rc1+ 37. Ke2 a6 38. Qe8+ Ka7 39. Qe3+ Ka8 40. Nb3 Rc2+
41. Kf3 Ra2 42. Nc5 a5 43. Qb3 b6 44. Qxa2 bxc5 45. Qxa5+ Kb7 46. Qxc5 Ka6 47. Qh5 Kb6 48. Qxh7
1-0

[Event "French X-ing"]
[Site "SchemingMind.com"]
[Date "2006.09.04"]
[Round "-"]
[White "knightrider"]
[Black "Negrito19"]
[Result "0-1"]
[WhiteCountry "USA"]
[BlackCountry "ARG"]
[WhiteElo "1463"]
[WhiteRD "57"]
[BlackElo "1509"]
[BlackRD "62"]
[GameID "66746"]

1. e4 e6 2. d4 d5 3. e5 f6 4. Nf3 Nc6 5. Bb5 Bd7 6. Nc3 Bb4 7. Bd2 a6 8. Bxc6 Bxc6 9. O-O h6 10. Re1 fxe5
11. Nxe5 Qf6 12. Nf3 Bxc3 13. bxc3 Bb5 14. g3 O-O-O 15. Bf4 Ne7 16. Ne5 g5 17. Ng4 Qf5 18. Be5 Rhf8 19. Nxh6 Qxf2+ 20. Kh1 Ng6
21. Ng4 Qf5 22. Bg7 Rfe8 23. Rf1 Bxf1 24. Ne3 Qe4+ 25. Kg1 Bh3 26. Qd2 Rd7 27. Bh6 Rg8 28. Kf2 Rf7+ 29. Ke1 Qh1+ 30. Ke2 Qxa1
31. Nd1 Bg4+
0-1

[Event "French X-ing"]
[Site "SchemingMind.com"]
[Date "2006.09.04"]
[Round "-"]
[White "mart_r3000"]
[Black "Negrito19"]
[Result "0-1"]
[WhiteCountry "ENG"]
[BlackCountry "ARG"]
[WhiteElo "1284"]
[WhiteRD "54"]
[BlackElo "1509"]
[BlackRD "62"]
[GameID "66747"]

1. e4 e6 2. d4 d5 3. e5 f6 4. exf6 Nxf6 5. Bb5+ c6 6. Bd3 Bd6 7. Nf3 h6 8. Bg6+ Ke7 9. O-O Qc7 10. g3 Ne4
11. Ne5 Bxe5 12. dxe5 Qxe5 13. f4 Qf6 14. Bh5 b6 15. b3 Qxa1 16. Ba3+ c5 17. Qg4 Qd4+ 18. Kg2 Nf6 19. Qxg7+ Kd6 20. Qxh8 Qe4+
21. Kh3 Nbd7 22. Nc3 Qxc2 23. Nb5+ Kc6 24. Nd4+ cxd4 25. Be7 Nxh5 26. f5 Qe4 27. Qxh6 Nc5 28. f6 e5+ 29. g4 Qxg4#
0-1

[Event "French X-ing"]
[Site "SchemingMind.com"]
[Date "2006.09.04"]
[Round "-"]
[White "Canuck36"]
[Black "Negrito19"]
[Result "0-1"]
[WhiteCountry "CAN"]
[BlackCountry "ARG"]
[WhiteElo "1505"]
[WhiteRD "74"]
[BlackElo "1506"]
[BlackRD "56"]
[GameID "66748"]

1. e4 e6 2. d4 d5 3. e5 f6 4. f4 c5 5. c3 Nc6 6. Nf3 Nh6 7. Bd3 a6 8. Be3 Ng4 9. Qd2 g5 10. O-O Bh6
11. fxg5 Nxe3 12. Qxe3 fxg5 13. h4 Rg8 14. Bxh7 Rg7 15. Qd3 Qe7 16. Bg6+ Kd8 17. h5 Bd7 18. Nbd2 g4 19. Nh2 cxd4 20. cxd4 Nb4
21. Qe2 Bb5 22. Qf2 Bxf1 23. Ndxf1 Kd7 24. Nxg4 Rf8 25. Qe2 Bg5 26. a3 Nc6 27. Qd3 Rf4 28. h6 Rxd4 29. Qc2 Rxg6 30. Qxg6 Rxg4
31. h7 Nxe5 32. Qg8 Qc5+ 33. Kh2 Rh4+ 34. Kg3 Bf6 35. Re1 Qd4
0-1

[Event "French X-ing"]
[Site "SchemingMind.com"]
[Date "2006.09.04"]
[Round "-"]
[White "cnile"]
[Black "Negrito19"]
[Result "0-1"]
[WhiteCountry "SCO"]
[BlackCountry "ARG"]
[WhiteElo "1503"]
[WhiteRD "75"]
[BlackElo "1506"]
[BlackRD "56"]
[GameID "66749"]

1. e4 e6 2. d4 d5 3. e5 f6 4. Nf3 Nc6 5. Bf4 g5 6. Be3 Bg7 7. Nc3 g4 8. Nh4 fxe5 9. Qxg4 Bf6 10. Qh5+ Kd7
11. Nf3 exd4 12. Bxd4 Bxd4 13. Nxd4 Nxd4 14. O-O-O Nf6 15. Qf7+ Kc6 16. Rxd4 a6 17. Be2 Rf8 18. Qg7 e5 19. Rd2 Be6 20. Rhd1 d4
21. Bf3+ Kb6 22. a4 Rg8 23. Qh6 c6 24. Ne4 Rg6 25. Qh4 Ng4 26. Qxd8+ Rxd8 27. h3 Nh6 28. Re1 Rd5 29. Ng3 Ra5 30. b3 Ka7
31. Kb2 c5 32. Rxe5 Nf7 33. Rxd4 Nxe5 34. Rd6 Bd7 35. Rd2 c4 36. Ne4 b5 37. Nc5 Bc8 38. Rd5 Nxf3 39. gxf3 bxa4 40. f4 a3+
41. Ka2 Be6 42. Re5 cxb3+ 43. cxb3 Bxh3 44. b4 Rb5 45. Kxa3 a5 46. Ka4 Kb6 47. Nd7+ Bxd7 48. bxa5+ Rxa5+
0-1

[Event "French X-ing"]
[Site "SchemingMind.com"]
[Date "2006.09.04"]
[Round "-"]
[White "flyingscot"]
[Black "Negrito19"]
[Result "1-0"]
[WhiteCountry "SCO"]
[BlackCountry "ARG"]
[WhiteElo "1424"]
[WhiteRD "83"]
[BlackElo "1507"]
[BlackRD "60"]
[GameID "66750"]

1. e4 e6 2. d4 d5 3. e5 f6 4. Nf3 Nc6 5. c3 a6 6. Bd3 Nh6 7. Bf4 g5 8. Be3 Bg7 9. Nxg5 fxg5 10. Qh5+ Nf7
11. Nd2 h6 12. Bg6 Rf8 13. f4 Ne7 14. O-O Nxg6 15. Qxg6 Qe7 16. Qxg7 Bd7 17. fxg5 O-O-O 18. gxh6 Bb5 19. Rf6 Rd7 20. h7 Qe8
21. a4 Bd3 22. b4 Bxh7 23. b5 Rg8 24. Qxh7 Nxe5 25. Qh3 Ng4 26. Rf3 Qg6 27. Rg3 Qf5 28. Rf3 Qd3 29. Bf4 Qg6 30. Nf1 Rh7
31. Qg3 Qc2 32. bxa6 Nxh2 33. Qxg8+ Kd7 34. Nxh2 bxa6 35. Qb8 Qg6 36. Qxc7+ Ke8 37. Qc6+ Kf7 38. Be5+ Ke7 39. Bd6+ Kd8 40. Qc7+ Rxc7
41. Bxc7+ Kxc7 42. c4 Qe4 43. Rf7+ Kd6 44. c5+ Kc6 45. Nf3 Qe3+ 46. Kf1 Qd3+ 47. Kg1 Qe3+ 48. Kh1 Qh6+ 49. Nh2 Qh5 50. Ra7 Qe2
51. Nf3 Qb2 52. Ne5#
1-0